| 000 | 00695nam a2200241Ia 4500 | ||
|---|---|---|---|
| 003 | OSt | ||
| 005 | 20260302111749.0 | ||
| 008 | 210716s2005 xx 000 0 und d | ||
| 020 | _a8130900246 | ||
| 040 | _cAIMIT LIBRARY | ||
| 041 | _aeng | ||
| 082 |
_a398.921 _21 _bMANM |
||
| 100 |
_aManser, Martin H. _9257205 |
||
| 245 |
_aProverbs / _cBy Martin H Manser. |
||
| 250 | _a1st ed. | ||
| 260 |
_aNew Delhi : _bViva Books , _c2005. |
||
| 300 |
_aviii,440p. ; _bPB _c23.3 cm |
||
| 650 |
_aIndex by key word _9257206 |
||
| 650 |
_aIndex by theme _9257207 |
||
| 650 |
_aBibilography _9257208 |
||
| 700 |
_aFergusson, Rosalind. _eAssociate editor _9257209 |
||
| 942 |
_2ddc _cBK _e1st _k398.921 MANM |
||
| 999 |
_c192126 _d192126 |
||